Scotland Anthem Lyrics - Statistics

General Stats
  • This quiz has been taken 15 times
  • The average score is 6 of 9
Answer Stats
Lyrics % Correct
When will we see
93%
Proud Edward's Army,
80%
To think again.
80%
O Flower of Scotland,
73%
That fought and died for,
73%
Your like again,
73%
And stood against him,
67%
And sent him homeward,
53%
Your wee bit Hill and Glen,
47%
No matching quizzes found
Score Distribution
Percent of People with Each Score
Percentile by Number Answered
Your Score History
You have not taken this quiz